Vegetation analysis of plants along selected areas of mount kay (Record no. 993)
[ view plain ]
| 000 -LEADER | |
|---|---|
| fixed length control field | 03369nam a22002897a 4500 |
| 003 - CONTROL NUMBER IDENTIFIER | |
| control field | URS |
| 005 - DATE AND TIME OF LATEST TRANSACTION | |
| control field | 20220117113722.0 |
| 008 - FIXED-LENGTH DATA ELEMENTS--GENERAL INFORMATION | |
| fixed length control field | 190126b xxu||||| |||| 00| 0 eng d |
| 040 ## - | |
| -- | URS |
| 041 ## - LANGUAGE CODE | |
| Language code of text/sound track or separate title | eng |
| 050 00 - LIBRARY OF CONGRESS CALL NUMBER | |
| Classification number | QH541.5 |
| Item number | .V52 2017 |
| 245 ## - TITLE STATEMENT | |
| Title | <a href="Vegetation analysis of plants along selected areas of mount kay">Vegetation analysis of plants along selected areas of mount kay</a> |
| Statement of responsibility, etc | Mhel Jones R. Picones... [et. al] |
| 260 ## - PUBLICATION, DISTRIBUTION, ETC. (IMPRINT) | |
| Date of publication, distribution, etc | 2017 |
| 300 ## - PHYSICAL DESCRIPTION | |
| Extent | xv, 282 leaves : |
| Other physical details | colour illustrations ; |
| Dimensions | 28 cm |
| 336 ## - CONTENT TYPE | |
| Source | rda content |
| Content type term | text |
| 337 ## - MEDIA TYPE | |
| Source | rda media |
| Media type term | unmediated |
| 338 ## - CARRIER TYPE | |
| Source | rda carrier |
| Carrier type term | volume |
| 502 ## - DISSERTATION NOTE | |
| Degree type | Thesis (Bachelor of Science in Biology) -- University of Rizal system-Morong. |
| 520 ## - SUMMARY, ETC. | |
| Summary, etc | EXECUTIVE SUMMARY: The study aimed to determine and analyze the nature of vegetation along the selected areas of Mount Kay Maputi, Binangonan Rizal-Southeast side. The study was conducted at University of Rizal System, Morong Campus during the school year 2017-2018. The sutyd identified and recorded the different plant types present in Mount Kay Maputi, Binangonan Rizal -South East side. This also sought to gain information to apprise people on the status and uses of lora found on the area. Likewise, the plants encountered in Mount Kay Maputi, Binangonan Rizal-Southeast side were assorted according to their taxonomic claasification, conservational status , distribution and its origin. In the collection of plants species, selected areas in the mountain were plotted using walk and transect method. The attained plant specimens were photographed and pressed for proper identification. Flora were assessed by using different sources such as books, legit websites and existing monographs with dichotomous key. Simpson index and Shannon=Weiner Index were utilized after the collection to determine the diversity of plant in the area. Based on the calculated results, the study revealed that angiosperm plants are the common type of plant and the trees are the most abundant plant form present in Mount Kay Puti, Binangonan Rizal-Southeast Side. While, in terms of classification units Order Malpighiales, Family Fabaceae and Genus Ficus rank first. Moreover, the calculated Simpson Index shows that there is diversity among the plants found in different altitude level because the obtained value is far from 1. Considering the calculated rate of Shannon-Weinner Index, the findings shows that there is 5 percent diversity species per different altitude level. Calculated chi-square values on the rate of Vegetation of Plants along Selected Areas of Mount Kay Puti, Binangonan, Rizal-Southeast Side indicated that in terms of Forms of Vegetation Plant Types, Classification of Order and Family, Plant Origin and Conservation Ststus with respect to the International Union of Nature have significant difference on the rate of vegetation but in the classification of genera, the rate of Vegetation is insignificant. Thus, it can be concluded that the vegetation found in Mount Kay Maputi, Binangonan, Rizal-Southeast Side is considered to be homogeneous in types by elevation, but diverse in plant species. |
| 650 ## - SUBJECT ADDED ENTRY--TOPICAL TERM | |
| Topical term or geographic name as entry element | Vegetation analysis. |
| 650 ## - SUBJECT ADDED ENTRY--TOPICAL TERM | |
| Topical term or geographic name as entry element | Forest and forestry--Vegetation surveys. |
| 700 1# - ADDED ENTRY--PERSONAL NAME | |
| Personal name | Rojas, Camille Angela C. |
| Relator term | author |
| 700 1# - ADDED ENTRY--PERSONAL NAME | |
| Personal name | Castaneda, Reina Norrem G. |
| Relator term | author |
| 700 1# - ADDED ENTRY--PERSONAL NAME | |
| Personal name | Abliter, Jessie E. |
| Relator term | author |
| 700 1# - ADDED ENTRY--PERSONAL NAME | |
| Personal name | Capuz, Edmund B. |
| Relator term | degree supervisor |
| 942 ## - ADDED ENTRY ELEMENTS (KOHA) | |
| Source of classification or shelving scheme | Library of Congress Classification |
| Koha item type | Theses and dissertations |
| Withdrawn status | Source of classification or shelving scheme | Damaged status | Not for loan | Collection code | Home library | Current library | Date acquired | Total Checkouts | Full call number | Barcode | Date last seen | Copy number | Price effective from | Koha item type |
|---|---|---|---|---|---|---|---|---|---|---|---|---|---|---|
| Library of Congress Classification | Reference | Morong College Library | Morong College Library | 01/26/2019 | QH541.5.V52 2017 | URSMOR-CL-004976 | 01/26/2019 | 1 | 02/27/2019 | Theses and dissertations |